000 00402nam a22001697a 4500
003 MPLRDC
005 20220104124356.0
008 210129b ||||| |||| 00| 0 eng d
082 _a854.6 CY-6
100 _a曹禺
245 _a明朗的天
_c
250 _a一版一刷
260 _a
_b四川人民出版社
_c1984
300 _b
650 _a剧本--话剧剧本
942 _cBK
_o854.6 CY-6
999 _c18829
_d18819